| 000 | 01547nam a2200457 i 4500 | ||
|---|---|---|---|
| 001 | 30557 | ||
| 003 | KOSZ 005 | ||
| 005 | 20201126083536.0 | ||
| 008 | 960606s1995 pl f |000 0 pol | ||
| 020 | _a8386676027 | ||
| 040 |
_cKOSZ 005 _aKOSZ 005 _dKOSZ 005/HR |
||
| 046 | _k1995 | ||
| 080 | _a662.7 | ||
| 080 | _a621.6 | ||
| 080 | _a504.61 | ||
| 080 | _a534.83 | ||
| 100 | 1 |
_aEngel, Zbigniew _d(1933-2013) _eAutor |
|
| 245 | 1 | 0 |
_aOcena wpływu obiektów i urządzeń gazowniczych na klimat akustyczny środowiska / _cZbigniew Engel, Mieczysław Melżyński ; [Państwowa Inspekcja Ochrony Środowiska]. |
| 260 |
_aWarszawa : _bPIOŚ, _c1995. |
||
| 300 |
_a143, [1]s. : _bfot., rys., wykr. ; _c24 cm. |
||
| 336 |
_2rdacontent _aTekst _btxt |
||
| 337 |
_2rdamedia _aBez urządzenia pośredniczącego _bn |
||
| 338 |
_2rdacarrier _aWolumin _bnc |
||
| 380 | _aKsiążki | ||
| 380 | _aPublikacje fachowe | ||
| 388 | _a1901-2000 | ||
| 388 | _a1989-2000 | ||
| 490 | 1 | _aBiblioteka Monitoringu Środowiska | |
| 504 | _aBibliogr. s.143-[145]. | ||
| 650 | 4 | _aGazownictwo | |
| 650 | 4 | _aUrządzenia | |
| 650 | 4 | _aHałas | |
| 650 | 4 | _aWpływ na środowisko | |
| 650 | 4 | _aPomiary | |
| 658 | _aInżynieria i technika | ||
| 658 | _aOchrona środowiska | ||
| 700 | 1 |
_aMelżyński, Mieczysław _eAutor |
|
| 830 | 0 | _aBiblioteka Monitoringu Środowiska | |
| 856 |
_uhttp://koha.tu.koszalin.pl/cgi-bin/koha/opac-detail.pl?biblionumber=30557 _yKatalog online BPK |
||
| 942 |
_cKS _2UKD |
||
| 999 |
_c30557 _d30557 |
||